000 01167nam a2200409 a 4500
003 AR-BaBNM
005 20251128204149.0
008 082120s2002 ||||||||||||||000 | spa||
020 _a950-25-1451-3
040 _cAR-BaBNM
245 0 0 _aMovimientos sociales y democracia emergente
_n2
260 _aBuenos Aires
_bCentro Editor de América Latina
_c1987
300 _a200 p.
490 0 _aBiblioteca política argentina
_vv. 183
610 2 4 _aPartido Justicialista
610 2 4 _aUnión Cívica Radical [Argentina]
650 4 _aHISTORIA POLITICA
650 4 _aDEUDA EXTERNA
650 4 _aSINDICALISMO
650 4 _aMOVIMIENTO OBRERO
650 4 _aPARTIDOS POLITICOS ARGENTINOS
650 4 _aSISTEMAS POLITICOS
650 4 _aDEMOCRACIA
650 4 _aCONDICION SOCIOECONOMICA
650 4 _aMOVIMIENTOS SOCIALES
651 4 _aArgentina
653 _aPERONISMO
700 1 _aAbós, Alvaro
700 1 _aGonzáles Bombal, María Inés
700 1 _aJelin, Elizabeth
700 1 _aPalermo, Vicente
700 1 _aSondereguer, María
700 1 _aVila, Pablo
800 1 _aTroncoso, Oscar
_edirector
942 _cBK
998 _cEnrique
999 _c6434
_d6434